| 000 | 00594cam a2200193 a 4500 | ||
|---|---|---|---|
| 005 | 20250901165535.0 | ||
| 008 | 910617s1991 iaua 000 0 eng | ||
| 010 | _a 91073295 | ||
| 020 | _a0697105172 (pbk.) | ||
| 020 | _a0697118940 (cloth) | ||
| 050 | 0 | 0 |
_aBF713 .S26 1992 _b.S26 1992 |
| 082 | 0 | 0 |
_a155 _220 |
| 100 | 1 | _aSantrock, John W. | |
| 245 | 1 | 0 |
_aLife-span development / _cJohn W. Santrock. |
| 250 | _a4th ed. | ||
| 260 |
_aDubuque, IA : _bWm. C. Brown Publishers, _cc1992. |
||
| 300 |
_a1 v. (various pagings) : _bill. ; _c28 cm. |
||
| 942 |
_2lcc _hBF713 .S26 1992 |
||
| 999 |
_c5540 _d5540 |
||